Un edén para Colombia al otro lado de la civilación : (Registro nro. 35692)

Detalles MARC
000 -CABECERA
Longitud fija campo de control 00750nam a2200193 4500
003 - • IDENTIFICADOR DELl NÚMERO DE CONTROL
Identificador del número de control CO-ViMGA
020 ## - • NÚMERO INTERNACIONAL NORMALIZADO PARA LIBROS
Número Internacional Normalizado para Libros (ISBN) 9789587753714
040 ## - FUENTE DE LA CATALOGACIÓN
Centro catalogador de origen CO-ViMGA
Lengua de catalogación spa
Centro transcriptor CO-ViMGA
082 04 - • NÚMERO DE LA CLASIFICACIÓN DECIMAL DEWEY
Número de clasificación (R) 986.1
Número del ítem G66e
100 1# - • PUNTO DE ACCESO PRINCIPAL-NOMBRE DE PERSONA
Nombre de persona Gónzlaez Gómez,Lina Marcela
245 10 - • TITULO PROPIAMENTE DICHO
Título Un edén para Colombia al otro lado de la civilación :
Resto del título Los llanos de San Martín o territorio del Meta, 1870-1930 /
Mención de responsabilidad, etc. Lina Marcela González Gómez
300 ## - • DESCRIPCIÓN FÍSICA
Extensión 518 p. :
Otras características físicas il., mapas, tablas.
490 ## - • MENCIÓN DE SERIE
Mención de serie Colección Folios
500 ## - • NOTA GENERAL
Nota general Incluye índice
504 ## - • NOTA DE BIBLIOGRAFÍA, ETC
Nota de bibliografía, etc. incluye bibliográfia
650 14 - • PUNTO DE ACCESO ADICIONAL DE MATERIA - TÉRMINO DE MATERIA
Término de materia o nombre geográfico como elemento inicial Llanos de San Martín
Subdivisión de forma Historia
Subdivisión geográfica (Meta, Colombia)
942 ## - ENTRADA DE ELEMENTOS AGREGADOS (KOHA)
Koha [por defecto] tipo de item LIbro
Fuente de clasificaión o esquema Dewey Decimal Classification
Existencias
Perdido Fuente de clasificación o esquema Estado Físico No para préstamo Forma de adquisición Localización permanente Localización actual Fecha adquisición Coste, precio normal de compra Préstamos totales Signatura completa Código de barras Fecha última consulta Número de copia Fecha del precio de reemplazo Tipo de item de Koha
  Dewey Decimal Classification     Sala General Segundo Piso Biblioteca Pública Germán Arciniegas - Villavicencio Biblioteca Pública Germán Arciniegas - Villavicencio 08/24/2016 16451.00   986.1 G66e 30426 08/24/2016 Ej. 1 08/24/2016 LIbro









Instituto Departamental de Cultura del Meta - Red Departamental de Bibliotecas Públicas del Meta.